Memorial dirigido por el primer Obispo de Tacámbaro, Dr. D. Leopoldo Lara y Torres, al Sr. Presidente de la República Mexicana, Gral. D. Plutarco Elías Calles, a las HH. Cámara de Senadores y Diputados de la Unión, al Sr. Gobernador Gral. D. Enrique Ramírez y a la H. Camára de Diputados del Estado de Michoacán de Ocampo, con motivo de las cuestiones religiosas que se han suscitado en el país
Síntesis: El memorial que dirige el Obispo Lara y Torres contiene una manifestación de desaprobación al rigor con que se están aplicando, de manera injusta, las leyes contenidas en la Constitución de 1917 contra el pueblo católico.
Gorde:
| Egile nagusia: | |
|---|---|
| Formatua: | Liburua |
| Saila: | 1917
1926/feb/26 |
| Gaiak: | |
| Etiketak: |
Etiketarik gabe, Izan zaitez lehena erregistro honi etiketa jartzen!
|
MARC
| LEADER | 00000nam^a2200000^a^4500 | ||
|---|---|---|---|
| 001 | 000249223 | ||
| 005 | 20250526000000.0 | ||
| 009 | 20260310105719.212 | ||
| 035 | |a R00084 | ||
| 037 | |a Acervo Xavier Clavigero | ||
| 082 | |a 13. 3 LAR | ||
| 100 | |a Lara y Torres, Leopoldo |e (autor) | ||
| 245 | 1 | 0 | |a Memorial dirigido por el primer Obispo de Tacámbaro, Dr. D. Leopoldo Lara y Torres, al Sr. Presidente de la República Mexicana, Gral. D. Plutarco Elías Calles, a las HH. Cámara de Senadores y Diputados de la Unión, al Sr. Gobernador Gral. D. Enrique Ramírez y a la H. Camára de Diputados del Estado de Michoacán de Ocampo, con motivo de las cuestiones religiosas que se han suscitado en el país |
| 264 | |a Tacámbaro, Michoacán : |b Destinatario: Al Sr. Presidente de la República Mexicana yla H.H. Camára de Senadores y Diputados de la Unión, |c 1926 | ||
| 300 | |a 2 fojas, impreso 23 X 34 cm. | ||
| 336 | |a texto |b txt |2 rdacontenido | ||
| 337 | |a sin mediación |b n |2 rdamedio | ||
| 338 | |a volumen |b nc |2 rdasoporte | ||
| 440 | |a 1917 | ||
| 440 | |a 1926/feb/26 | ||
| 520 | |a Síntesis: El memorial que dirige el Obispo Lara y Torres contiene una manifestación de desaprobación al rigor con que se están aplicando, de manera injusta, las leyes contenidas en la Constitución de 1917 contra el pueblo católico. | ||
| 598 | |a Memorial | ||
| 598 | |a En la biblioteca del ILFC, Guadalajara, Jal. | ||
| 649 | |a XX | ||
| 650 | |a * Lara y Torres, Leopoldo - |x Correspondencia, Memorias, etc | ||
| 650 | |a Escritores Mexicanos | ||
| 650 | |a Constitución - |z México | ||
| 650 | |a Carranza, Venustiano | ||
| 650 | |a Obregón, Alvaro | ||
| 910 | |a Fondo Jesús Gómez Fregoso S.J. FXC | ||
| 920 | |a Impresos - Documentos | ||
| 930 | |a Libros Antiguos y Raros | ||
| 940 | |a Guerra Cristera | ||
| 905 | |a 110 | ||
| 901 | |a R00084 |b IT2 |c LRA |i R00084 |u 20250526 | ||
| 902 | |a https://opac.biblio.iteso.mx/vufind/Record/000249223 | ||